Hunger Games les tributs La ballade du serpent et de l'oiseau chanteur - Statistiques

Statistiques générales
  • Ce quiz a été pris 82 fois
  • Le résultat moyen est 7 sur 24
Statistiques - réponses
Hint Réponse % Correct
Fille du 12 Lucy Gray Baird
81%
Garçon du 12 Jessup
58%
Fille du 4 Coral
51%
Garçon du 2 Marcus
51%
Garçon du 11 Reaper
45%
Fille du 7 Lamina
39%
Fille du 8 Wovey
39%
Fille du 11 Dill
38%
Garçon du 8 Bobbin
25%
Garçon du 7 Treech
25%
Garçon du 4 Mizzen
22%
Garçon du 10 Tanner
22%
Fille du 5 Sol
17%
Fille du 10 Brandy
16%
Garçon du 5 Hy
16%
Fille du 3 Teslee
16%
Garçon du 1 Facet
13%
Garçon du 6 Otto
13%
Fille du 1 Velvereen
13%
Garçon du 3 Circ
12%
Garçon du 9 Panlo
12%
Fille du 2 Sabyn
12%
Fille du 6 Ginnee
10%
Fille du 9 Sheaf
7%
Aucun quiz correspondant
Distribution des résultats
% des personnes avec chaque résultat
Percentile par nombre de réponses
Votre historique - résultats
Vous n’avez pas pris ce quiz